[Event "Druzynowe Mistrzostwa Polski Juniorow 2019 - II Liga"]
[Site "Szczyrk"]
[Date "1899-12-30"]
[Round "4.61"]
[White "Kucharski, Bartlomiej"]
[Black "Wnek, Filip"]
[Result "0-1"]
[WhiteTitle "I++"]
[BlackTitle "I++"]
[WhiteElo "1952"]
[BlackElo "1749"]

1. e4 c5 2. Nf3 e6 3. g3 d5 4. exd5 exd5 5. d4 Nf6 6. Bg2 Nc6 7. O-O Be7 8. dxc5
Bxc5 9. Bg5 O-O 10. Nbd2 Bg4 11. Nb3 Bb6 12. h3 Bh5 13. c3 Bxf3 14. Qxf3 Ne5 15.
Qf5 Nc4 16. Rab1 Nd6 17. Qf4 Nde4 18. Bxe4 dxe4 19. Rbd1 Qb8 20. Qxb8 Raxb8 21.
Bxf6 gxf6 22. Rd7 Rfe8 23. Kg2 Kf8 24. Re1 Re5 25. Nd2 f5 26. Nc4 Re6 27. Nd6
Rf6 28. Nxb7 Ke8 29. Red1 f4 30. gxf4 Rxf4 31. f3 exf3+ 32. Kg3 Rf6 33. R7d6 Bc7
34. b4 Rxb7 0-1

[Event "Druzynowe Mistrzostwa Polski Juniorow 2019 - II Liga"]
[Site "Szczyrk"]
[Date "1899-12-30"]
[Round "4.62"]
[White "Budkiewicz, Magdalena"]
[Black "Wolak, Kamil"]
[Result "1/2-1/2"]
[WhiteTitle "I++"]
[BlackTitle "I"]
[WhiteElo "1623"]
[BlackElo "1619"]

1. e4 c6 2. d4 g6 3. g3 Bg7 4. Bg2 d5 5. e5 Nh6 6. Ne2 f6 7. exf6 exf6 8. O-O O-O
9. c3 Bf5 10. Nd2 Re8 11. Nf4 Qd7 12. Nb3 Na6 13. Nd3 b6 14. a4 Nc7 15. Be3 Bg4
16. Bf3 Bh3 17. Bg2 a5 18. Nf4 Bf5 19. Re1 Nf7 20. Nd2 Nd6 21. Qb3 g5 22. Ne2
Bd3 23. Nc1 Bc4 24. Qc2 Re7 25. Nxc4 Nxc4 26. Bd2 Nxd2 27. Qxd2 Rxe1+ 28. Qxe1
Re8 29. Qd2 Qe7 30. Kf1 f5 31. Nd3 Qf6 32. Re1 Rxe1+ 33. Qxe1 f4 34. gxf4 gxf4
35. f3 Qf5 36. Qd2 Ne6 37. Kf2 Bf6 38. Qe2 Kf7 39. Kg1 c5 40. dxc5 bxc5 41. Bf1
d4 42. c4 h5 43. Nf2 Ng5 44. Kg2 Qg6 45. Kh1 Qb1 46. Nd3 Ne6 47. Kg2 Qa2 48. Qc2
Qa1 49. Kf2 Bh4+ 50. Kg2 Bf6 51. Be2 h4 52. Bd1 Ke7 53. Qd2 Qa2 54. Qxa5 Qxc4
55. Qd2 Qd5 56. b3 Qg5+ 57. Kh1 h3 58. a5 Qd5 59. Nxf4 Qg5 60. a6 Nxf4 1/2-1/2

[Event "Druzynowe Mistrzostwa Polski Juniorow 2019 - II Liga"]
[Site "Szczyrk"]
[Date "1899-12-30"]
[Round "4.63"]
[White "Bartuzi, Krzysztof"]
[Black "Rainer, Piotr"]
[Result "0-1"]
[WhiteTitle "II+"]
[BlackTitle "I"]
[WhiteElo "1392"]
[BlackElo "1445"]

1. f4 c5 2. Nf3 Nc6 3. d3 e6 4. g3 d5 5. Bg2 Be7 6. O-O Nf6 7. Nbd2 O-O 8. c4 Qc7
9. Nb3 Rd8 10. Qc2 b6 11. a3 Bb7 12. e3 Rab8 13. Bd2 e5 14. fxe5 Nxe5 15. Nxe5
Qxe5 16. d4 cxd4 17. exd4 Qc7 18. c5 Ba6 19. Bf4 Bd6 20. Bxd6 Rxd6 21. Rf5 Rdd8
22. Nd2 Rbc8 23. b4 Ng4 24. Qb3 Bc4 25. Nxc4 dxc4 26. Qc3 b5 27. Raf1 Qe7 28.
Rxf7 Qe3+ 29. Qxe3 Nxe3 30. R1f3 Nxg2 31. Kxg2 Rxd4 32. Rxa7 Rd2+ 33. Kh3 Rf8
34. Rxf8+ Kxf8 35. c6 Ke8 36. Ra8+ Rd8 37. Ra5 Rc8 38. Rxb5 Rxc6 39. Re5+ Kd7
40. Re2 Kd6 41. Kg2 Kd5 42. Kf2 Kd4 43. Ke1 c3 44. Kd1 Kd3 45. Rf2 Re6 46. Rf3+
Kc4 47. Kc2 Re2+ 48. Kd1 Rxh2 49. b5 Kb3 50. b6 Kb2 0-1

[Event "Druzynowe Mistrzostwa Polski Juniorow 2019 - II Liga"]
[Site "Szczyrk"]
[Date "1899-12-30"]
[Round "4.64"]
[White "Micula, Jakub"]
[Black "Bartuzi, Michal"]
[Result "1-0"]
[WhiteTitle "II+"]
[BlackTitle "II+"]
[WhiteElo "1320"]
[BlackElo "1193"]

1. e4 c5 2. Nf3 Nc6 3. d4 cxd4 4. Nxd4 g6 5. Nc3 Bg7 6. Be3 Nf6 7. f3 O-O 8. Qd2
d5 9. exd5 Nxd5 10. Nxc6 bxc6 11. Nxd5 Qxd5 12. Qxd5 cxd5 13. O-O-O e6 14. Bd4
Bxd4 15. Rxd4 a5 16. h4 h6 17. h5 g5 18. Bd3 Ba6 19. Re1 Bxd3 20. Rxd3 Rfd8 21.
f4 Kg7 22. Rg3 Kf6 23. fxg5+ hxg5 24. Rf1+ Kg7 25. Rxg5+ Kh6 26. Rg3 Rd7 27. Rf6+
Kxh5 28. Rf1 Kh4 29. Rg7 1-0

[Event "Druzynowe Mistrzostwa Polski Juniorow 2019 - II Liga"]
[Site "Szczyrk"]
[Date "1899-12-30"]
[Round "4.65"]
[White "Mirowska, Oliwia"]
[Black "Zablocka, Katarzyna"]
[Result "1-0"]
[WhiteTitle "I++"]
[BlackTitle "I"]
[WhiteElo "1735"]
[BlackElo "1255"]

1. f4 d5 2. Nf3 Nc6 3. g3 Nf6 4. Bg2 e6 5. d3 Bd7 6. O-O Bd6 7. c3 O-O 8. Nbd2
Re8 9. d4 Ng4 10. Nb3 b6 11. Ne5 Ngxe5 12. fxe5 Be7 13. e4 dxe4 14. Bxe4 Rf8 15.
Qh5 g6 16. Qf3 Qe8 17. Bh6 Rc8 18. Bxf8 Kxf8 19. h4 Kg7 20. Rf2 Nd8 21. h5 Bc6
22. Bxc6 Nxc6 23. Raf1 Nd8 24. Nd2 c5 25. Ne4 cxd4 26. cxd4 Rc7 27. Nf6 Qf8 28.
Rh2 h6 29. Qe4 Qh8 30. hxg6 fxg6 31. Qg4 a6 32. Rhf2 h5 33. Qf4 Ra7 34. g4 hxg4
35. Rh2 1-0

[Event "Druzynowe Mistrzostwa Polski Juniorow 2019 - II Liga"]
[Site "Szczyrk"]
[Date "1899-12-30"]
[Round "4.66"]
[White "Gaczol, Julia"]
[Black "Hals, Emilia"]
[Result "0-1"]
[WhiteTitle "I"]
[BlackTitle "I"]
[WhiteElo "1338"]
[BlackElo "1346"]

1. e4 c6 2. d4 d5 3. e5 Bf5 4. Nc3 e6 5. g4 Bg6 6. Nge2 h6 7. f4 Bb4 8. Ng3 Qh4
9. Qe2 h5 10. g5 Qg4 11. Qxg4 hxg4 12. Kd1 f6 13. Be2 f5 14. a3 Ba5 15. Na4 Nd7
16. b4 Bc7 17. Nc5 Nxc5 18. bxc5 Kd7 19. Bd2 Ne7 20. a4 a5 21. Rb1 Rab8 22. Rb3
b6 23. cxb6 Rxb6 24. Rxb6 Bxb6 25. Bc3 Be8 26. Kc1 Ng6 27. Bd2 Bxd4 28. c3 Bf2
29. Nf1 g3 30. Ne3 Nxf4 31. Bf3 Nd3+ 32. Kc2 Nxe5 33. Bg2 f4 34. Nd1 f3 35. hxg3
fxg2 36. Rxh8 g1=Q 37. Rh7 Bg6+ 38. Kb2 Bxh7 39. Nxf2 Qxf2 40. g4 0-1

[Event "Druzynowe Mistrzostwa Polski Juniorow 2019 - II Liga"]
[Site "Szczyrk"]
[Date "1899-12-30"]
[Round "4.67"]
[White "Marczak, Szymon"]
[Black "Zabron, Maksym"]
[Result "1/2-1/2"]
[WhiteTitle "I++"]
[BlackTitle "I+"]
[WhiteElo "1857"]
[BlackElo "1739"]

1. Nf3 g6 2. d4 Bg7 3. g3 Nf6 4. b3 O-O 5. Bb2 d6 6. Bg2 Nbd7 7. c4 c6 8. O-O Qc7
9. Nc3 e5 10. dxe5 Nxe5 11. Qc2 Nxf3+ 12. Bxf3 Bh3 13. Rfd1 Rad8 14. Rd2 Rfe8
15. Rad1 Re6 16. Bg2 Bxg2 17. Kxg2 Qe7 18. Ba3 Ng4 19. e4 Be5 20. h3 Nf6 21. Nd5
Qf8 22. f4 cxd5 23. exd5 Ree8 24. fxe5 Rxe5 25. Bb2 Rf5 26. Rf2 Rxf2+ 27. Qxf2
Nd7 28. Re1 Re8 29. Re3 Rxe3 30. Qxe3 b6 31. h4 h5 32. b4 Ne5 33. Bxe5 dxe5 34.
c5 bxc5 35. bxc5 Qe7 36. d6 Qb7+ 37. Qf3 e4 38. Qe3 Qd5 39. d7 Qxd7 40. Qxe4 Qd2+
41. Kh3 Qxa2 42. c6 Qa5 43. Qc4 Qc7 44. Qb5 Kg7 45. Qb7 Qe5 46. c7 Qf5+ 47. Kg2
Qc2+ 48. Kf3 Qc3+ 49. Kg2 Qc2+ 50. Kg1 1/2-1/2

[Event "Druzynowe Mistrzostwa Polski Juniorow 2019 - II Liga"]
[Site "Szczyrk"]
[Date "1899-12-30"]
[Round "4.68"]
[White "Kozubek, Krystian"]
[Black "Gabzdyl, Mateusz"]
[Result "1-0"]
[WhiteTitle "II+"]
[BlackTitle "II"]
[WhiteElo "1443"]
[BlackElo "1222"]

1. c4 e5 2. Nc3 Nf6 3. g3 c5 4. Bg2 a6 5. e3 Qc7 6. Nge2 Nc6 7. O-O g6 8. d4 cxd4
9. exd4 exd4 10. Nxd4 Bg7 11. Re1+ Ne7 12. Qe2 d6 13. Bf4 Nh5 14. Nd5 Qd7 15.
Qxe7+ Qxe7 16. Rxe7+ 1-0

[Event "Druzynowe Mistrzostwa Polski Juniorow 2019 - II Liga"]
[Site "Szczyrk"]
[Date "1899-12-30"]
[Round "4.69"]
[White "Wieczorek, Karol"]
[Black "Gradalski, Olaf"]
[Result "0-1"]
[WhiteTitle "II+"]
[BlackTitle "II"]
[WhiteElo "1502"]
[BlackElo "1442"]

1. e4 e6 2. d4 d5 3. Nd2 c5 4. exd5 exd5 5. Ngf3 Nc6 6. Bb5 Bd6 7. dxc5 Bxc5 8.
O-O Nge7 9. Nb3 Bd6 10. Bg5 O-O 11. Nfd4 Bd7 12. Re1 Re8 13. Bd3 h6 14. Qh5 Nb4
15. Bxe7 Rxe7 16. Nf5 Bxf5 17. Qxf5 Nxd3 18. Qxd3 Qd7 19. g3 Rae8 20. Rxe7 Bxe7
21. Rd1 Rd8 22. c4 d4 23. Qxd4 Qf5 24. Qxd8+ Bxd8 25. Rxd8+ Kh7 26. Rb8 b6 27.
Rd8 Qb1+ 28. Kg2 Qxa2 29. Nd4 Qxc4 30. b3 Qc5 31. Rd7 a5 32. h4 b5 33. Kh2 a4
0-1

[Event "Druzynowe Mistrzostwa Polski Juniorow 2019 - II Liga"]
[Site "Szczyrk"]
[Date "1899-12-30"]
[Round "4.70"]
[White "Raba, Bartosz"]
[Black "Grzybek, Mikolaj"]
[Result "0-1"]
[WhiteTitle "II"]
[BlackTitle "II"]
[WhiteElo "1373"]
[BlackElo "1305"]

1. e4 c6 2. d4 d5 3. exd5 cxd5 4. Bd3 a6 5. Bf4 Nc6 6. c3 Nf6 7. Nf3 Bg4 8. Nbd2
e6 9. O-O Bd6 10. Bxd6 Qxd6 11. Qc2 Rc8 12. Rac1 Nb4 13. Qa4+ Nc6 14. h3 Bh5 15.
Rfe1 Bxf3 16. Nxf3 Nd7 17. Qd1 O-O 18. Qe2 h6 19. Ne5 Ncxe5 20. dxe5 Qb6 21. Bb1
g6 22. Qg4 Qxb2 23. Rc2 Qa3 24. Rce2 Kg7 25. h4 h5 26. Qg5 Rc4 27. f4 Qxc3 28.
g3 d4 29. f5 d3 30. f6+ Kh7 31. Rd2 Rg4 32. Qe3 Rxg3+ 33. Qxg3 Qxd2 34. Bxd3 Rd8
35. Re2 Qc1+ 36. Kf2 Nc5 37. Bc2 Rd2 38. Bxg6+ fxg6 39. f7 Ne4+ 40. Kf3 Qf1+ 41.
Kxe4 Rxe2+ 0-1

[Event "Druzynowe Mistrzostwa Polski Juniorow 2019 - II Liga"]
[Site "Szczyrk"]
[Date "1899-12-30"]
[Round "4.71"]
[White "Zamarska, Sylwia"]
[Black "Gredka, Dominika"]
[Result "1/2-1/2"]
[WhiteTitle "I++"]
[BlackTitle "I++"]
[WhiteElo "1628"]
[BlackElo "1658"]

1. d4 e6 2. Nf3 b6 3. g3 Bb7 4. Bg2 f5 5. O-O Nf6 6. c4 Be7 7. Nc3 O-O 8. Bg5 h6
9. Bxf6 Bxf6 10. Ne5 Bxg2 11. Kxg2 d6 12. Ng6 Re8 13. e3 Nd7 14. Qc2 Nf8 15. Nf4
Qd7 16. b3 Rad8 17. Rad1 Qc8 18. Rfe1 c6 19. e4 Bg5 20. Nd3 Bf6 21. e5 dxe5 22.
dxe5 Be7 23. Nc1 Rxd1 24. Rxd1 Rd8 25. Rxd8 Qxd8 26. Qd3 Qxd3 27. Nxd3 Nd7 28.
f4 Kf7 29. Kf3 g5 30. Ne2 c5 1/2-1/2

[Event "Druzynowe Mistrzostwa Polski Juniorow 2019 - II Liga"]
[Site "Szczyrk"]
[Date "1899-12-30"]
[Round "4.72"]
[White "Jureczko, Anna"]
[Black "Wasowicz, Anna"]
[Result "1/2-1/2"]
[WhiteTitle "II+"]
[BlackTitle "II"]
[WhiteElo "1187"]
[BlackElo "1000"]

1. e4 b6 2. d4 e6 3. Bd3 Bb7 4. Nf3 d5 5. e5 c5 6. c3 Nc6 7. a3 cxd4 8. cxd4 Be7
9. Nc3 f6 10. Bf4 fxe5 11. Bxe5 Nf6 12. h3 O-O 13. Qe2 h6 14. Bh2 Qd7 15. O-O
Rfe8 16. Bb5 a6 17. Ne5 Qc8 18. Nxc6 Bxc6 19. Bxc6 Qxc6 20. Rac1 Bd6 21. Ne4 Bxh2+
22. Kxh2 Qd7 23. Ng3 Qd6 24. Kg1 b5 25. b4 Kh8 26. Rc5 Nd7 27. Rc3 Rac8 28. Rfc1
Rxc3 29. Rxc3 Nb6 30. Qh5 Re7 31. Re3 Nc4 32. Rf3 Qb8 33. Rc3 Qc7 34. Nf1 e5 35.
dxe5 Rxe5 36. Qd1 Qd7 37. Ne3 Nxe3 38. Rxe3 1/2-1/2

[Event "Druzynowe Mistrzostwa Polski Juniorow 2019 - II Liga"]
[Site "Szczyrk"]
[Date "1899-12-30"]
[Round "4.73"]
[White "Piekielny, Pawel"]
[Black "Jarzebowski, Kacper"]
[Result "0-1"]
[WhiteTitle "I++"]
[BlackTitle "k"]
[WhiteElo "1985"]
[BlackElo "1987"]

1. e4 e5 2. Nf3 Nc6 3. Bb5 f5 4. Nc3 fxe4 5. Nxe4 Nf6 6. Nxf6+ Qxf6 7. Qe2 Be7
8. d3 d6 9. Bg5 Qf7 10. Bxe7 Qxe7 11. h3 O-O 12. Bxc6 bxc6 13. d4 e4 14. Nd2 d5
15. Qe3 Ba6 16. Nb3 Qb4+ 17. c3 Qb6 18. Qd2 Qb5 19. Qe3 Rf7 20. f4 exf3 21. gxf3
Raf8 22. O-O-O Qa4 23. Kb1 Rxf3 24. Qe6+ Kh8 25. Rhg1 Bc8 26. Qe5 R3f7 27. Ka1
Bxh3 28. Rde1 Qa6 29. Qh5 Qc8 30. Nc5 Bf5 31. a4 Kg8 32. Qh6 g6 33. Ka2 Qd8 34.
Re3 Re7 35. Reg3 Qd6 36. Nb7 Qf6 37. Nc5 Re2 38. Ka3 Rfe8 39. Rh1 R8e7 40. Rf1
Re1 41. Rf2 R7e2 42. Rff3 a5 43. Nd7 Ra1+ 44. Kb3 Bc2# 0-1

[Event "Druzynowe Mistrzostwa Polski Juniorow 2019 - II Liga"]
[Site "Szczyrk"]
[Date "1899-12-30"]
[Round "4.74"]
[White "Dalkowski, Rafal"]
[Black "Golinski, Kacper"]
[Result "1-0"]
[WhiteTitle "II+"]
[BlackTitle "I"]
[WhiteElo "1731"]
[BlackElo "1761"]

1. d4 Nf6 2. c4 e6 3. Nc3 Bb4 4. Nf3 O-O 5. Qc2 c5 6. e3 d5 7. a3 Bxc3+ 8. bxc3
Qc7 9. a4 b6 10. cxd5 Nxd5 11. Bd3 h6 12. O-O Nd7 13. e4 Nf4 14. Bb5 Ng6 15. Bd3
Bb7 16. Be3 Rac8 17. Rac1 Nf4 18. Rfd1 Rfd8 19. Ne1 Qb8 20. Qb1 Nf6 21. f3 Nd7
22. Bf1 cxd4 23. cxd4 Ng6 24. Nd3 a5 25. Nb2 Bc6 26. Rc3 Ne7 27. Rdc1 Qb7 28.
Bd3 Qb8 29. R1c2 Qb7 30. Qc1 Qb8 31. Bf4 e5 32. Bg3 Kf8 33. Ba6 Bb7 34. Bb5 Rxc3
35. Rxc3 f6 36. Nd3 Ng6 37. Rc7 Bc8 38. Rc4 Bb7 39. d5 Bc8 40. Bf2 Kg8 41. Be3
Ngf8 42. Kf1 Bb7 43. Ke2 Bc8 44. g4 g5 45. h4 Bb7 46. h5 Bc8 47. Nf2 Bb7 48. Nh1
Rc8 49. Ng3 Re8 50. Nf5 Kh7 51. Rc7 Rc8 52. d6 Kh8 53. Ne7 Rd8 54. Bc6 Ba6+ 55.
Kf2 b5 56. Ba7 1-0

[Event "Druzynowe Mistrzostwa Polski Juniorow 2019 - II Liga"]
[Site "Szczyrk"]
[Date "1899-12-30"]
[Round "4.75"]
[White "Szymczak, Krzysztof"]
[Black "Zdybel, Przemyslaw"]
[Result "1/2-1/2"]
[WhiteTitle "II"]
[BlackTitle "I"]
[WhiteElo "1157"]
[BlackElo "1710"]

1. d4 Nf6 2. c4 g6 3. Nc3 Bg7 4. Bf4 O-O 5. e3 d6 6. Nf3 Nfd7 7. Be2 e5 8. Bg3
Nc6 9. O-O h6 10. a3 f5 11. dxe5 dxe5 12. Nd5 Ne7 13. Bh4 g5 14. Nxg5 Ng6 15.
Ne6 Qxh4 16. g3 Qh3 17. Re1 c6 18. Bf1 Qg4 19. Be2 Qh3 20. Bf1 Qg4 21. Be2 Qh3
22. Bf1 Qg4 23. Be2 Qh3 24. Bf1 1/2-1/2

[Event "Druzynowe Mistrzostwa Polski Juniorow 2019 - II Liga"]
[Site "Szczyrk"]
[Date "1899-12-30"]
[Round "4.76"]
[White "Leszczewicz, Karol"]
[Black "Pieczewska, Jadwiga"]
[Result "1-0"]
[WhiteTitle "II"]
[BlackTitle "II"]
[WhiteElo "1263"]
[BlackElo "1000"]

1. d4 d5 2. Nf3 e6 3. Bg5 Nf6 4. e3 c5 5. c3 Nc6 6. Nbd2 cxd4 7. exd4 Be7 8. Bd3
O-O 9. Qc2 g6 10. h4 Nh5 11. Bh6 Re8 12. g4 Nf6 13. h5 Ne4 14. hxg6 hxg6 15. Nxe4
dxe4 16. Bxe4 f5 17. Bxc6 bxc6 18. O-O-O Bb7 19. gxf5 exf5 20. Ne5 Bg5+ 21. Bxg5
Qxg5+ 22. Kb1 Qf6 23. Qb3+ Re6 24. Qxb7 Rae8 25. Qh7+ Kf8 26. Nd7# 1-0

[Event "Druzynowe Mistrzostwa Polski Juniorow 2019 - II Liga"]
[Site "Szczyrk"]
[Date "1899-12-30"]
[Round "4.77"]
[White "Jedras, Adrianna"]
[Black "Kotkowska, Antonina"]
[Result "1-0"]
[WhiteTitle "I"]
[BlackTitle "II"]
[WhiteElo "1367"]
[BlackElo "1115"]

1. e4 e5 2. Nf3 Nc6 3. d4 exd4 4. Nxd4 Bc5 5. Be3 d6 6. Nxc6 bxc6 7. Bxc5 dxc5
8. Qxd8+ Kxd8 9. Nc3 Bd7 10. O-O-O Nf6 11. f3 Ke7 12. Bc4 Rad8 13. Na4 Rhe8 14.
Nxc5 Kf8 15. Nxd7+ Nxd7 16. Rd2 Ne5 17. Bd3 Nxd3+ 18. Rxd3 Rxd3 19. cxd3 Rd8 20.
Kd2 c5 21. Rc1 Rb8 22. b3 Rb5 23. Rc4 Ke7 24. d4 cxd4 25. Rxd4 a5 26. Kd3 c5 27.
Rd5 a4 28. Kc4 Ra5 29. Rxc5 Ra7 30. bxa4 Rxa4+ 31. Kb3 Rd4 32. Rd5 Rxd5 33. exd5
Kd6 34. Kc4 f6 35. a4 g5 36. a5 Kc7 37. a6 Kb6 38. d6 Kxa6 39. d7 Ka7 40. Kb5
Kb7 41. d8=Q h5 42. Qd7+ Ka8 43. Kb6 f5 44. Qc8# 1-0

[Event "Druzynowe Mistrzostwa Polski Juniorow 2019 - II Liga"]
[Site "Szczyrk"]
[Date "1899-12-30"]
[Round "4.78"]
[White "Walewska, Natalia"]
[Black "Golinska, Patrycja"]
[Result "0-1"]
[WhiteTitle "II"]
[BlackTitle "I"]
[WhiteElo "1000"]
[BlackElo "1197"]

1. e4 e5 2. Nc3 Nf6 3. Bc4 Nc6 4. d3 h6 5. Nf3 Bc5 6. Be3 Bb6 7. O-O d6 8. h3 O-O
9. Qd2 Qe7 10. Rac1 Be6 11. Bb3 Rad8 12. Ne2 d5 13. c3 dxe4 14. Nh2 Rxd3 15. Qc2
Bxe3 16. fxe3 Rxe3 17. Rcd1 Qc5 18. Kh1 Bxb3 19. axb3 Qb5 20. Nc1 Nh5 21. b4 Ng3+
22. Kg1 Nxf1 23. Rxf1 Qb6 24. Kh1 Qb5 25. Na2 Re2 26. Qb3 Rd2 27. Re1 Na5 28.
Qa3 Nc4 29. Qxa7 Rxb2 30. Nc1 Rb1 31. Qa2 Rb2 32. Qa7 Qc6 33. Qc5 Qg6 34. Rg1
Nd6 35. Qxc7 Nf5 36. Ng4 h5 37. Nxe5 Ng3+ 38. Kh2 Nf1+ 39. Kh1 Qg3 40. Nc4 Qxc7
41. g3 Rh2# 0-1

[Event "Druzynowe Mistrzostwa Polski Juniorow 2019 - II Liga"]
[Site "Szczyrk"]
[Date "1899-12-30"]
[Round "4.79"]
[White "Strzelecki, Maciej"]
[Black "Kijkowski, Michal"]
[Result "1/2-1/2"]
[WhiteTitle "k"]
[BlackTitle "I"]
[WhiteElo "1955"]
[BlackElo "1789"]

1. e4 c5 2. Nf3 d6 3. d4 cxd4 4. Nxd4 Nf6 5. Nc3 a6 6. h3 e6 7. g4 h6 8. Bg2 Nc6
9. O-O Be7 10. Be3 Nxd4 11. Qxd4 O-O 12. f4 Nd7 13. a4 e5 14. Qd2 exf4 15. Bxf4
Ne5 16. Nd5 Be6 17. b3 Rc8 18. Kh1 Bxd5 19. exd5 Bg5 20. c4 Bxf4 21. Rxf4 Qg5
22. Qd4 Qe7 23. Raf1 Qc7 24. Be4 Qc5 25. Qd2 a5 26. Rf5 Rce8 27. Bg2 b6 28. g5
h5 29. Qd1 g6 30. R5f4 Qe3 31. Rf6 Rd8 32. R6f4 Rde8 33. Rf6 Ra8 1/2-1/2

[Event "Druzynowe Mistrzostwa Polski Juniorow 2019 - II Liga"]
[Site "Szczyrk"]
[Date "1899-12-30"]
[Round "4.80"]
[White "Budny, Piotr"]
[Black "Guzik, Natalia"]
[Result "1-0"]
[WhiteTitle "II"]
[BlackTitle "I++"]
[WhiteElo "1426"]
[BlackElo "1638"]

1. Nf3 c5 2. g3 Nc6 3. Bg2 g6 4. d3 Bg7 5. e4 d6 6. O-O Bd7 7. Nc3 Qc8 8. Nh4 Bh3
9. f4 Nf6 10. f5 Bxg2 11. Kxg2 Nd4 12. Bg5 b5 13. Ne2 Nd7 14. c3 Nxe2 15. Qxe2
Qb7 16. Kg1 b4 17. c4 Ne5 18. f6 exf6 19. Bxf6 O-O 20. Bxg7 Kxg7 21. Ng2 Nc6 22.
Ne3 Nd4 23. Qf2 f5 24. exf5 Nxf5 25. Nxf5+ Rxf5 26. Qe3 Re5 27. Qf4 Qe7 28. Rf2
Rf5 29. Qe4 Qxe4 30. dxe4 Re5 31. Re1 Rae8 32. Rfe2 R5e7 33. Kg2 Kf6 34. Kf3 Rf8
35. Ke3 Ke5 36. Rd1 Ref7 37. Rd5+ Ke6 38. Kd2 Rf2 39. Ke3 Rf1 40. Kd2 Rb1 41.
Kc2 Rff1 42. e5 Rbc1+ 43. Kb3 Rf3+ 44. Ka4 Rxc4 45. exd6+ Kxd5 46. d7 b3+ 47.
Ka5 Rf8 48. Re8 Rxe8 49. dxe8=Q bxa2 50. Qe1 Rc2 51. Qa1 Rxh2 52. Qxa2+ Kd4 53.
Qb3 Rh5 54. Qc3+ Kd5 55. Kb5 Ke4 56. Kc4 Kf5 57. Qf3+ Ke6 58. g4 Re5 59. Qh3 Kd6
60. Qxh7 Re4+ 61. Kc3 Rxg4 62. Qxa7 Rg3+ 63. Kc2 Kd5 64. Qf7+ Ke4 65. Qc4+ Kf3
66. Qxc5 Rg2+ 67. Kc3 g5 68. Qf5+ Ke2 69. b4 g4 70. Qe4+ Kf1 71. b5 g3 72. Qf3+
Kg1 73. b6 Kh2 74. b7 Rf2 75. Qh5+ Kg1 76. b8=Q g2 77. Qbh2+ 1-0

[Event "Druzynowe Mistrzostwa Polski Juniorow 2019 - II Liga"]
[Site "Szczyrk"]
[Date "1899-12-30"]
[Round "4.81"]
[White "Wojtasik, Szymon"]
[Black "Nawalaniec, Adam"]
[Result "0-1"]
[WhiteTitle "II"]
[BlackTitle "II"]
[WhiteElo "1511"]
[BlackElo "1318"]

1. e4 e5 2. Nf3 Nc6 3. d4 exd4 4. Nxd4 Bc5 5. Be3 Qf6 6. c3 d6 7. Bc4 Ne5 8. Be2
Qg6 9. O-O Nf6 10. f3 Bh3 11. Rf2 d5 12. Kh1 Bd7 13. Bf4 Nc6 14. Bd3 Qh5 15. e5
Ng8 16. Bb5 g5 17. Bg3 Nge7 18. b4 Bb6 19. Na3 a6 20. Bxc6 bxc6 21. Re2 Bxd4 22.
cxd4 g4 23. f4 Bf5 24. Nc2 Be4 25. Ne3 Nf5 26. Rc1 Nxg3+ 27. Kg1 Nxe2+ 28. Qxe2
Bf5 29. Rxc6 Be6 30. Rxc7 O-O 31. h3 Rfc8 32. Rc5 Rxc5 33. bxc5 Qg6 34. hxg4 Qe4
35. f5 Bd7 36. Qd2 Rb8 37. Qc3 Rb1+ 38. Kf2 Qf4+ 39. Ke2 Bb5+ 40. Qd3 Rb2+ 41.
Ke1 Bxd3 42. e6 Qxe3+ 43. Kd1 Rb1# 0-1

[Event "Druzynowe Mistrzostwa Polski Juniorow 2019 - II Liga"]
[Site "Szczyrk"]
[Date "1899-12-30"]
[Round "4.82"]
[White "Klim, Juliusz"]
[Black "Chrobot, Tomasz"]
[Result "1-0"]
[WhiteTitle "II"]
[BlackTitle "III"]
[WhiteElo "1220"]
[BlackElo "1246"]

1. e4 e5 2. Nf3 Nc6 3. Bc4 Bc5 4. c3 Nf6 5. d3 d6 6. O-O h6 7. Be3 Bb6 8. Nbd2
O-O 9. Re1 Re8 10. Nf1 Be6 11. Bb3 Qd7 12. Ng3 Rad8 13. Nh4 d5 14. Nhf5 Kh7 15.
Qf3 Ng8 16. exd5 Bxd5 17. Bxd5 Qxd5 18. Qg4 g6 19. Nh5 Bxe3 20. Rxe3 e4 21. dxe4
Qe5 22. f4 Nf6 23. Qh4 g5 24. fxg5 Nxh5 25. Qxh5 Qe6 26. Rh3 Qg6 27. Qxh6+ Qxh6
28. Rxh6+ Kg8 29. g6 fxg6 30. Rxg6+ Kh8 31. Re1 Rd2 32. Re3 Rd1+ 33. Kf2 Rd2+
34. Ke1 Rd7 35. Rh3+ Rh7 36. Rxh7+ Kxh7 37. Rg7+ Kh8 38. Rxc7 Rxe4+ 39. Kd1 Re5
40. Ng3 Rd5+ 41. Kc1 Rd6 42. Rxb7 1-0

[Event "Druzynowe Mistrzostwa Polski Juniorow 2019 - II Liga"]
[Site "Szczyrk"]
[Date "1899-12-30"]
[Round "4.83"]
[White "Matyjasek, Michalina"]
[Black "Michalska, Aleksandra"]
[Result "1/2-1/2"]
[WhiteTitle "I"]
[BlackTitle "I++"]
[WhiteElo "1323"]
[BlackElo "1741"]

1. d4 d5 2. c4 dxc4 3. Nf3 Nf6 4. e3 e6 5. Bxc4 Be7 6. O-O O-O 7. Nbd2 a6 8. Qc2
Nbd7 9. Nb3 b5 10. Be2 Bb7 11. Bd2 Rc8 12. Na5 Be4 13. Qd1 c5 14. dxc5 Nxc5 15.
Bb4 Nd5 16. Bxc5 Bxc5 17. Nb7 Qb6 18. Nxc5 Qxc5 19. Qd2 Qc2 20. Rfc1 Qxd2 21.
Nxd2 Bg6 22. e4 Nb4 23. a4 Nc2 24. Rab1 Rfd8 25. Rd1 Nd4 26. Bf1 Kf8 27. f3 Ke7
28. Kf2 Rc2 29. Bd3 Rc6 30. axb5 axb5 31. Ra1 Rd7 32. Ra5 Rc5 33. Nb1 Nc6 34.
Ra3 Ne5 35. b4 Rcc7 36. Be2 Rxd1 37. Bxd1 f5 38. exf5 Bxf5 39. Nc3 Nd3+ 40. Kg3
h5 41. Nxb5 Rc4 42. h4 Rxb4 43. Bc2 Ne1 44. Bxf5 exf5 45. Re3+ 1/2-1/2

[Event "Druzynowe Mistrzostwa Polski Juniorow 2019 - II Liga"]
[Site "Szczyrk"]
[Date "1899-12-30"]
[Round "4.84"]
[White "Dzierzgowska, Jagoda"]
[Black "Zajac, Aleksandra"]
[Result "0-1"]
[WhiteTitle "II+"]
[BlackTitle "II"]
[WhiteElo "1000"]
[BlackElo "1136"]

1. d4 c5 2. Bf4 Qb6 3. b3 cxd4 4. Qd2 e6 5. a3 Nf6 6. Nf3 Nc6 7. e3 dxe3 8. Bxe3
Qd8 9. Bd3 b6 10. O-O Bb7 11. Nc3 Bd6 12. Bb5 Qe7 13. Bg5 Bc7 14. Rfe1 Nb8 15.
b4 O-O 16. Qd3 a6 17. Ba4 b5 18. Bb3 h6 19. Bh4 d5 20. Bxd5 Rd8 21. Rad1 Bxd5
22. Nxd5 Rxd5 23. Qxd5 Nxd5 24. Bxe7 Nxe7 25. h3 Nd5 26. g4 Nd7 27. Nh2 N7b6 28.
Nf1 Nc4 29. Ra1 Bb6 30. h4 Kh7 31. Kg2 Kg6 32. Kg1 Rh8 33. Nh2 Bd4 34. Rad1 Bb2
35. Rd3 Nxa3 36. Nf3 Nxc2 37. Rb1 Bf6 38. h5+ Kh7 39. Rdb3 Rc8 40. Nd2 Rc3 41.
Rxc3 Bxc3 42. Ne4 Bxb4 43. Rb2 Na3 44. f3 a5 45. Kf1 Be7 46. Ke2 b4 47. Nd2 Bf6
48. Rb3 a4 49. Rd3 Nf4+ 50. Ke3 Nxd3 51. Kxd3 b3 52. Ke2 b2 53. Kd1 b1=Q+ 54.
Nxb1 Nxb1 55. Kc1 Nc3 56. Kc2 Ne2 57. Kb1 a3 58. Ka2 Bb2 59. Kb1 Ng1 60. f4 Nh3
61. f5 exf5 62. gxf5 Nf4 63. Ka2 Nxh5 64. Kb1 Ng3 65. Ka2 h5 66. Kb1 h4 67. Ka2
h3 68. Kb1 h2 69. Ka2 h1=Q 70. Kb3 Qd5+ 71. Kc2 Qc4+ 72. Kd2 a2 73. Ke3 Nxf5+
74. Kf2 Qd3 75. Kg2 Qe3 76. Kf1 a1=R+ 77. Kg2 Qg3# 0-1

[Event "Druzynowe Mistrzostwa Polski Juniorow 2019 - II Liga"]
[Site "Szczyrk"]
[Date "1899-12-30"]
[Round "4.85"]
[White "Niemier, Hubert"]
[Black "Burzak, Wojciech"]
[Result "1-0"]
[WhiteTitle "I"]
[BlackTitle "I"]
[WhiteElo "1764"]
[BlackElo "1705"]

1. d4 Nf6 2. c4 g6 3. Nc3 d5 4. Nf3 Bg7 5. Qb3 dxc4 6. Qxc4 O-O 7. e4 Nc6 8. Be2
Bg4 9. Be3 Bxf3 10. gxf3 e5 11. d5 Ne7 12. Rd1 a6 13. f4 Nd7 14. fxe5 Nxe5 15.
Qb3 Nc8 16. f4 Nd7 17. O-O Nd6 18. e5 Nf5 19. Bf2 Bh6 20. e6 Nf6 21. Bc5 Nd6 22.
Bd3 b6 23. Bb4 Ng4 24. Rde1 Qf6 25. Bxd6 Qd4+ 26. Kg2 cxd6 27. Nd1 Bxf4 28. Re4
Qc5 29. Rexf4 f5 30. Be2 Ne5 31. h4 b5 32. Nf2 Rac8 33. Nd1 Qc1 34. Qe3 Qa1 35.
Qa3 Qb1 36. Qxd6 Nd3 37. Bxd3 Qxd3 38. e7 Rfe8 39. Qe6+ Kg7 40. Qe5+ Kh6 41. Ne3
1-0

[Event "Druzynowe Mistrzostwa Polski Juniorow 2019 - II Liga"]
[Site "Szczyrk"]
[Date "1899-12-30"]
[Round "4.86"]
[White "Skowron, Mateusz"]
[Black "Chaczynski, Kamil"]
[Result "0-1"]
[WhiteTitle "I"]
[BlackTitle "I"]
[WhiteElo "1594"]
[BlackElo "1738"]

1. e4 e6 2. d4 d5 3. Nd2 Nf6 4. e5 Nfd7 5. Bd3 c5 6. c3 Nc6 7. Ne2 cxd4 8. cxd4
f6 9. exf6 Nxf6 10. O-O Bd6 11. Nf3 O-O 12. Bf4 Bxf4 13. Nxf4 Ne4 14. g3 Ng5 15.
Re1 Rxf4 16. gxf4 Nh3+ 17. Kg2 Nxf4+ 18. Kh1 Qf6 19. Rg1 Bd7 20. Rg3 Rf8 21. Be2
Be8 22. Bf1 Bh5 23. Qd2 Bxf3+ 24. Rxf3 Nxd4 25. Rg3 e5 26. Rc1 Nfe6 27. Rg2 e4
28. Rc3 Nf4 29. Rgg3 Nfe6 30. Rg2 Qh4 31. Rh3 Qf4 32. Qd1 Qe5 33. Qg4 Nf4 0-1